Corrispondenza di fanciulli. Epistolario per la quarta elementare maschile.

Gespeichert in:
Bibliographische Detailangaben
1. Verfasser: Vertua Gentile, Anna
Format: Buch
Sprache:Italienisch
Erschienen: Lanciano Carabba Rocco s.a.
Katalog:EDISCO:  Suchergebnis im Bibliothekskatalog
Schulbuchspezifische Eigenschaften:
Schlagworte:
Tags: Tag hinzufügen
Keine Tags, Fügen Sie den ersten Tag hinzu!
Hinzugefügt zu:30.04.2016
Geändert in:18.10.2017

MARC

LEADER 00000aam a22000007 4500
001 00433
003 OSt
005 20171018092605.0
008 160501s it 000 0 ita
040 |c Antonio Parlati - L'Acquila 
041 1 |a ita 
100 1 |a Vertua Gentile, Anna  |9 112 
245 0 0 |a Corrispondenza di fanciulli. Epistolario per la quarta elementare maschile. 
260 |a Lanciano  |b Carabba Rocco  |c s.a. 
300 |a , 1/1 ;  
510 3 |a 1.60 
546 |a ita 
655 |a Eserciziario  |9 36 
690 7 |a Elementare  |x Quarta classe   |9 3661 
901 |a 7 
942 |2 ddc  |c BK 
999 |c 423  |d 423 
999 |c edisco:423  |d 423